000 00441nam a2200181Ia 4500
008 230524s9999 xx 000 0 und d
020 _a9780070601659
082 _a5.133
_bXIO
100 _aZhigong Xiong
245 0 _aSchaum's Computer Graphics
250 _a2ND
260 _aNEW DELHI
_bM.C.Growhill
_c2001
300 _aIX;347
500 _aQuantity Number: 128
650 _aComp-Sc
700 _a Roy A Plastock
942 _cBK
999 _c22939
_d22939